00906cam a2200253 i 450000100090000000300040000900500170001300800410003001000170007102000180008804000280010604200080013405000220014208200170016410000400018124501810022125000260040226400370042830000530046533800270051850400530054565000290059870000250062720037805OSt20250709110710.0170927s2019 nyua b 001 0 eng  a 2017043368 a9789356064270 aDLCbengcDLCerdadDLC apcc00aHD58.7b.R62 201900a658.3bROB/O aRobbins, Stephen P d1943-eauthor.10aOrganizational behavior /cStephen P. Robbins, San Diego State University, Timothy A. Judge, The Ohio State University, Neharika Vohra, Indian Institute of Management Ahmedabad aUpdated 18th edition. 1aNew York, NY :bPearson,c[2022] axxxii, 796 pages :bcolor illustrations ;c28 cm avolumebnc2rdacarrier aIncludes bibliographical references and indexes. 0aOrganizational behavior.1 aJudge, Tim,eauthor.